000 00243nam a2200097Ia 4500
005 20251222114401.0
008 251222s1900||||xx |||||||||||||| ||spa||
082 _aDVD0099/I29/2003
245 0 _aLas ideas pueden más que las armas II
942 _cDVD
999 _c1637
_d1637